|
|
|
|
| LEADER |
00000nab a2200000 ar4500 |
| 001 |
vtls009309204 |
| 003 |
SK-MaSNL |
| 005 |
20260304075457.0 |
| 008 |
080704c2007 xo zr|p|||||||000 b|slo |
| 015 |
|
|
|a SNBRB2008/07
|2 snkbucl
|
| 038 |
|
|
|a SNKBUCL
|
| 040 |
|
|
|a SNKBUCL
|b slo
|c SNKBUCL
|e AACR2
|
| 041 |
0 |
|
|a slo
|
| 044 |
|
|
|a xo
|c SK
|
| 080 |
|
|
|a 347.72.033:332
|2 2001
|
| 080 |
|
|
|a 332
|2 2001
|
| 100 |
1 |
|
|a Vadinová, Hedviga
|4 aut
|9 1047449
|
| 245 |
1 |
0 |
|a Nehnuteľnosť v podnikaní ako súčasť obchodného majetku
|c Hedviga Vadinová
|
| 300 |
|
|
|b Tab.
|
| 650 |
0 |
7 |
|a podnikanie
|2 snkbucl
|9 1757
|
| 650 |
0 |
7 |
|a obchodný majetok
|2 snkbucl
|9 1365818
|
| 650 |
0 |
7 |
|a nehnuteľnosti
|2 snkbucl
|9 3653
|
| 773 |
0 |
|
|t Daňový a účtovný poradca podnikateľa
|g Č. 14 (2007), s. 44-74
|x 1335-0897
|
| 852 |
|
|
|a SNK
|b KIS3GCP
|
| 999 |
|
|
|c 2781663
|d 2783593
|